000 00418nam a22001577a 4500
003 macl
005 20180920134943.0
008 180920b xxu||||| |||| 00| 0 eng d
040 _cmacl
082 _a954
100 _a Lndian historical Records committee.
_972899
245 _aSources on lndian history [Volume 3] 1857
260 _a Delhi
_baakar books
_c2013
650 _abhdiah history
_972900
942 _2ddc
_cBK
999 _c58322
_d58322